000 01025nam a2200289Ia 4500
003 OSt
005 20220930090612.0
006 a|||||r|||| 00| 0
007 ta
008 220926b |||||||| |||| 00| 0 eng d
024 _a118207
037 _cTheses
040 _aCRL
_cCRL
_beng
041 _2eng
_aeng
100 _aEsam Mohammed Mahyoub
_9543004
110 _aUniversity of Delhi. Faculty of Medical Sciences. Department of Community Medicine
245 0 _aSocio-epidemiological study of HIV and TB in Indian context
260 _c2010
650 _aCOMMUNITY HEALTH SERVICES
700 _a Dr. M. M. Singh Gu.
_9528430
700 _a Dr. N. Gupta Gu.
_9539800
700 _a Dr. Suneela Garg Gu.
_9532756
700 _a Dr. V. K. Gupta Gu.
_9534351
700 _aUniversity of Delhi. Faculty of Medical Sciences. Department of Community Medicine
942 _cDIS
_2CC
999 _c880822
_d880822